Sports Quiz

Random Sports or MLB Quiz

Skillful MLB Teammates Quiz Stats

Quiz Updated Nov 2, 2017

Challenge
Share
Tweet
Embed
Score 0/60 Timer 06:00
3 Plays Today
Year & Team Player % Correct
2008 YankeesAlex Rodriguez
91.5%
1997 MarinersAlex Rodriguez
91.5%
1996 MarinersAlex Rodriguez
91.5%
1998 YankeesDerek Jeter
90.6%
1997 MarinersKen Griffey
88.1%
1996 MarinersKen Griffey
88.1%
1998 AstrosCraig Biggio
82.8%
1999 AstrosJeff Bagwell
82.6%
1998 AstrosJeff Bagwell
82.6%
2015 DiamondbacksPaul Goldschmidt
74.3%
1997 RockiesLarry Walker
73.2%
1921 YankeesBabe Ruth
72.6%
2011 Red SoxDustin Pedroia
71.8%
1998 YankeesBernie Williams
69.3%
1931 YankeesLou Gehrig
66.8%
2006 MetsDavid Wright
65.9%
1959 GiantsWillie Mays
65.2%
1958 GiantsWillie Mays
65.2%
1992 TwinsKirby Puckett
65.1%
1990 CubsRyne Sandberg
59.1%
1995 RedsBarry Larkin
57.6%
1991 RedsBarry Larkin
57.6%
1986 IndiansJoe Carter
57.2%
1993 Blue JaysPaul Molitor
55.3%
1987 BrewersPaul Molitor
55.3%
1996 RockiesDante Bichette
54.1%
2011 Red SoxJacoby Ellsbury
53.7%
1987 BrewersRobin Yount
53.1%
1976 RedsJoe Morgan
51.7%
2006 MetsJosé Reyes
48.4%
Year & Team Player % Correct
1997 RockiesAndrés Galarraga
44.8%
1996 RockiesAndrés Galarraga
44.8%
1990 CubsAndre Dawson
41.8%
1998 YankeesPaul O'Neill
39%
1993 Blue JaysRoberto Alomar
38.5%
2015 DiamondbacksA.J. Pollock
32.7%
1976 RedsGeorge Foster
30%
1996 RockiesEllis Burks
28.9%
1961 RedsFrank Robinson
28.5%
2008 YankeesJohnny Damon
27.9%
1991 RedsChris Sabo
22.4%
1959 GiantsOrlando Cepeda
19%
1958 GiantsOrlando Cepeda
19%
1982 DodgersPedro Guerrero
16.9%
1991 RangersRubén Sierra
15.3%
1991 RangersJulio Franco
14%
1995 RedsReggie Sanders
12%
1982 DodgersDusty Baker
8.7%
1961 RedsVada Pinson
8%
1921 YankeesBob Meusel
7.7%
1982 CubsLeon Durham
7.2%
1987 PadresBenito Santiago
5.7%
1993 CardinalsBernard Gilkey
5.7%
1993 CardinalsGregg Jefferies
5%
1982 CubsBill Buckner
5%
1992 TwinsShane Mack
4.5%
1999 AstrosCarl Everett
3.7%
1987 PadresJohn Kruk
3.1%
1931 YankeesBen Chapman
1.3%
1986 IndiansTony Bernazard
1%

You're not logged in!

Compare scores with friends on all Sporcle quizzes.
Sign Up with Email
OR
Log In

You Might Also Like...

Show Comments

Extras

Top Quizzes Today


Score Distribution

Your Account Isn't Verified!

In order to create a playlist on Sporcle, you need to verify the email address you used during registration. Go to your Sporcle Settings to finish the process.